Highest Rated Albums of the 2000s on AOTY.org - Statistics

General Stats
  • This quiz has been taken 26 times
  • The average score is 15 of 25
Answer Stats
Artist Genre Answer % Correct
Radiohead Art Rock Kid A
90%
Kanye West Chipmunk Soul Rap The College Dropout
90%
Kanye West Pop Rap Late Registration
85%
Madvillain Abstract Hip Hop Madvillainy
85%
Daft Punk French House Discovery
80%
J Dilla Instrumental Hip Hop Donuts
80%
Radiohead Art Rock In Rainbows
80%
MF DOOM Abstract Hip Hop MM..FOOD
80%
System of a Down Alternative Metal Toxicity
80%
Sufjan Stevens Chamber Pop Illinois
70%
Have a Nice Life Post-Punk Deathconsciousness
65%
My Chemical Romance Rock Opera The Black Parade
65%
Godspeed You Black Emperor! Post-Rock Lift Your Skinny Fists Like Antennas to Heaven
60%
The Microphones Indie Folk The Glow Pt. 2
60%
Björk Art Pop Vespertine
60%
D’Angelo Neo-Soul Voodoo
60%
Joanna Newsom Progressive Folk Ys
50%
Nujabes Jazz Rap Modal Soul
45%
The Avalanches Instrumental Hip Hop Since I Left You
45%
Nujabes Jazz Rap Metaphorical Music
40%
The Microphones Avant-Folk Mount Eerie
40%
Opeth Progressive Metal Blackwater Park
25%
Boris Post-Rock Flood
25%
Songs: Ohia Alt-Country The Magnolia Electric Co.
20%
Natural Snow Buildings Post-Rock The Winter Ray
10%
No matching quizzes found
Score Distribution
Percent of People with Each Score
Percentile by Number Answered
Your Score History
You have not taken this quiz